Bridges of Budapest - Statistics

General Stats
  • This quiz has been taken 165 times
  • The average score is 6 of 7
Answer Stats
Year Built Bridge % Correct
1849 Széchenyi Lánchíd
99%
1876 Margit híd
93%
1903 Erzsébet híd
89%
1896 Szabadság híd
88%
1995 Rákóczi híd
84%
1937 Petőfi híd
83%
1950 Árpád híd
80%
No matching quizzes found
Score Distribution
Percent of People with Each Score
Percentile by Number Answered
Your Score History
You have not taken this quiz